000
00415nam a2200145Ia 4500
008
100204s9999 xx 000 0 und d
082
_b
16425
100
_a
नेने मधु (संपा)
245
_a
66 कविता
260
_b
"कोशिक प्रकाशन , सातारा"
300
_a
68
630
_a
66 कविता
730
_a
66 कविता
942
_c
BOOK
999
_c
460848
_d
460845